000 00870nam a22002297a 4500
005 20250430125745.0
008 250430b |||||||| |||| 00| 0 eng d
020 _a978-81-19857-92-0 (pbk)
037 _cTB
040 _aCRL
_cCRL
041 _2pun
_apun
084 _aO153,3NCHx R4
_qCRL
100 _aਚੌਹਾਨ, ਬੂਟਾ ਸਿੰਘ
_9752369
245 _aਅੱਖੋਂ ਤਿਲ੍ਹਕੀਂ ਰੋਸ਼ਨੀ
260 _aਪਟਿਆਲਾ, ਭਾਰਤ:
_bਔਟਉਮੰ ਆਰਟ,
_c2024.
300 _a99 ਪ.
365 _b175.00
_cINR
650 _aਪੰਜਾਬੀ ਸਾਹਿਤ
650 _aਪੰਜਾਬੀ ਕਹਾਣੀ
942 _2CC
_cTB
_hO153,3NCHx R4
_n0
999 _c1309834
_d1309834